| 000 | 00452nam a22001817a 4500 | ||
|---|---|---|---|
| 005 | 20260209151010.0 | ||
| 008 | 260209b |||||||| |||| 00| 0 eng d | ||
| 020 |
_a9789383098736 _c1000.00 |
||
| 040 | _aMAIN | ||
| 041 | _aEnglish | ||
| 082 |
_a709.5492 _bSWA |
||
| 100 |
_aMahaveer, Swami _926237 |
||
| 245 |
_aArt of Bikaner _b: Indian Art Series |
||
| 260 |
_aNew Delhi _bNiyogi Books _c2024 |
||
| 300 | _a111 | ||
| 650 | _aDesign | ||
| 942 | _cBK | ||
| 999 |
_c60282 _d60282 |
||